O diário de um mago (Record no. 45426)

MARC details
000 -Etiqueta do registo
Valores 00505cam a2200205 4500
021 ## - Número do Depósito Legal
Número 66151/93
100 ## - Dados gerais de processamento
Dados gerais 19960323d1995 m y0pory5003 ba
101 0# - Língua de publicação
Língua por
102 ## - País de publicação
País PT
200 1# - Titulo e menção de responsabilidade
Título próprio O diário de um mago
Primeira menção de responsabilidade Paulo Coelho
205 ## - Menção da edição
Edição 5.ª ed.
210 #9 - Publicação
Local de publicação Lisboa
Nome do editor Pergaminho,
Data de publicação 1995
215 ## - Descrição física 
Paginação / Volumes 246, [2] p.
Outras indicações físicas il.
Dimensões 23 cm
225 2# - Colecção 
Título próprio da colecção Aquarius
675 ## - CDU
Notação 821.134.3(81)-31"19/20"
Edição BN
Língua por
700 #1 - Autor principal
Apelido Coelho,
Nome Paulo,
Datas 1947-
801 #0 - Fonte de origem
País PT
Agência BN
Regras de catalogação RPC
990 ## - Elementos KOHA
Tipo de documento Livro
Holdings
Aquisição Empréstimo Código de barras Cota Permissão de empréstimo Tipo de documento
Biblioteca Escolar Doutor Hernâni Cidade Biblioteca Escolar Doutor Hernâni Cidade 81684 82-31 COE ROMANCE   Livro

Powered by Koha